Revitalizácia okolia rieky Turiec v Martine

Guardado en:
Detalles Bibliográficos
Autor principal: Pliešovská, Tatiana (Autor)
Otros Autores: Reháčková, Tamara (Orientador)
Formato: Manuscrito Libro
Lenguaje:eslovaco
Publicado: 2015
Materias:
Acceso en línea:http://is.stuba.sk/zp/portal_zp.pl?podrobnosti=110659
Etiquetas: Agregar Etiqueta
Sin Etiquetas, Sea el primero en etiquetar este registro!

MARC

LEADER 00000ntm a22000003a 4500
001 stuzp52100
003 SK-STU
005 20160719154048.4
007 ta
008 150427s2015----xo-----f-mn---000-0-slo-d
040 |a STU  |b slo 
041 0 |a slo 
100 1 |a Pliešovská, Tatiana  |u 057170  |4 aut  |U FAD Fakulta architektúry  |T FA Ústav krajinnej a záhradnej architektúry  |X 8073  |U A7170  |Y 398  |7 A000008073 
242 0 1 |a Revitalisation of the surroundings of river Turiec in Martin  |y eng 
245 1 0 |a Revitalizácia okolia rieky Turiec v Martine 
260 |c 2015 
650 4 |a tok  |2 slo 
650 4 |a rekreácia  |2 slo 
650 4 |a intravilán  |2 slo 
650 4 |a prístupnosť  |2 slo 
650 4 |a river  |2 eng 
650 4 |a urban area  |2 eng 
650 4 |a revitalisation  |2 eng 
650 4 |a accessibility  |2 eng 
700 1 |a Reháčková, Tamara  |4 ths  |X 45231  |7 A000045231 
856 4 |u http://is.stuba.sk/zp/portal_zp.pl?podrobnosti=110659 
SQL |a stuzp52100  |b DDP  |c SLO  |d Revitalizácia okolia rieky Turiec v Martine  |e 8073  |f Pliešovská, Tatiana  |g 057170  |h 45231  |i Reháčková, Tamara  |j 20150615  |k 580  |l 01  |m http://is.stuba.sk/zp/portal_zp.pl?podrobnosti=110659  |n I-KKP  |o 6.1.11. krajinárstvo